Economics, financial statement analysis : 2023 CFA program curriculum level I Volume 2 (Record no. 85767)

MARC details
000 -LEADER
fixed length control field 00755 a2200253 4500
003 - CONTROL NUMBER IDENTIFIER
control field CBULib
005 - DATE AND TIME OF LATEST TRANSACTION
control field 20241107083552.0
008 - FIXED-LENGTH DATA ELEMENTS--GENERAL INFORMATION
fixed length control field 241107b |||||||| |||| 00| 0 eng d
020 ## - INTERNATIONAL STANDARD BOOK NUMBER
International Standard Book Number 9781950157976
040 ## - CATALOGING SOURCE
Language of cataloging English
Transcribing agency CBULib
Description conventions rda
041 ## - LANGUAGE CODE
Language code of text/sound track or separate title eng
050 ## - LIBRARY OF CONGRESS CALL NUMBER
Classification number HG 4928 Qua
100 ## - MAIN ENTRY--PERSONAL NAME
Personal name CFA Institute
245 ## - TITLE STATEMENT
Title Economics, financial statement analysis : 2023 CFA program curriculum level I Volume 2
Statement of responsibility, etc / by CFA Institute
260 ## - PUBLICATION, DISTRIBUTION, ETC. (IMPRINT)
Name of publisher, distributor, etc Wiley,
Date of publication, distribution, etc 2023
Place of publication, distribution, etc Virginia :
300 ## - PHYSICAL DESCRIPTION
Extent xii, 605 pages : illustrations
336 ## - CONTENT TYPE
Source rdacontent
Content type term Text |
Content type code txt
337 ## - MEDIA TYPE
Source rdamedia
Media type term Unmediated |
Media type code n
338 ## - CARRIER TYPE
Source rdacarrier
Carrier type term Volume
Carrier type code nc
650 #0 - SUBJECT ADDED ENTRY--TOPICAL TERM
9 (RLIN) 2031
Topical term or geographic name as entry element FINANCES
650 #0 - SUBJECT ADDED ENTRY--TOPICAL TERM
9 (RLIN) 381
Topical term or geographic name as entry element ECONOMICS
650 #0 - SUBJECT ADDED ENTRY--TOPICAL TERM
9 (RLIN) 4015
Topical term or geographic name as entry element PERSONAL
942 ## - ADDED ENTRY ELEMENTS (KOHA)
Source of classification or shelving scheme
Koha item type MONOGRAPH
Holdings
Withdrawn status Lost status Source of classification or shelving scheme Damaged status Not for loan Collection code Permanent Location Current Location Shelving location Date acquired Source of acquisition Full call number Barcode Date last seen Copy number Price effective from Koha item type
          CBU-Lusaka Campus CBU- LUSAKA CAMPUS CBU- LUSAKA CAMPUS General Stacks 11/07/2024 DON-BOOKAID HG 4928 Eco 753015 11/07/2024 1 11/07/2024 MONOGRAPH
          CBU-Lusaka Campus CBU- LUSAKA CAMPUS CBU- LUSAKA CAMPUS General Stacks 11/07/2024 DON-BOOKAID HG 4928 Eco 753016 11/07/2024 2 11/07/2024 MONOGRAPH